000 00884nam a2200277 i 4500
001 91888
003 ES-MaACL
005 20250717061121.0
007 t|
008 050225s1977 sp ||||1| spa d
020 _a84-7427-024-3
080 _a141.82(04)
080 _a335.55(04)
100 1 _aLuelmo, Julio,
_d1906-1986
_974629
245 1 3 _aLa crisis de la investigación en el campo de la dialéctica materialista /
_cMauro Olmeda.
260 _aMadrid :
_bVillalar,
_c[1977]
300 _a374 p. ;
_c19 cm.
490 1 _aColeccion Zimmerwald ;
_v3
504 _aIncluye referencias bibliográficas.
650 4 _aMaterialismo histórico.
_914850
650 1 7 _aMaterialismo dialéctico
_2embne
_914849
830 0 _aColeccion Zimmerwald ;
_v3
_9232007
852 _aES-MaACL
_jL-28924
_bR.135235
852 _aES-MaACL
_jA-8105
999 _c91888
_d91888